000 00673nam a2200205Ia 4500
005 20220216154148.0
008 210716s2010 xx 000 0 und d
020 _a9780070682122
040 _cAIMIT LIBRARY
041 _aeng
082 _a658.804
_23
_bNARR
100 _aNargundkar, Rajendra.
_920368
245 _aServices Marketing :
_btext and cases /
_cBy Rajendra Nargundkar.
250 _a3rd ed.
260 _aNew Delhi :
_bTata McGraw Hill Publishing Company Ltd ,
_c2010.
300 _aXix, 458p. ;
_c24 cm.
650 _aIntegrated service strategy
_920369
650 _aRetailing in India and around the world
_920370
942 _2ddc
_cBK
_e3rd
_k658.804 NARR
999 _c205584
_d205584